[Event "Russian Women's Higher League 2021"]
[Site "?"]
[Date "2021.07.02"]
[Round "6.10"]
[White "Dordzhieva, Dinara"]
[Black "Getman, Tatyana"]
[Result "0-1"]
[WhiteElo "2311"]
[BlackElo "2201"]
[Annotator ""]
[Source ""]
[Remark ""]

1.c4 {[%clk 1:30:55]} e6 {[%clk 1:30:49]} 2.g3 {[%clk 1:31:15]}
d5 {[%clk 1:30:51]} 3.Bg2 {[%clk 1:31:41]} Nf6 {[%clk 1:30:19]}
4.Nf3 {[%clk 1:32:03]} d4 {[%clk 1:29:39]} 5.d3 {[%clk 1:32:25]}
c5 {[%clk 1:27:52]} 6.e4 {[%clk 1:32:40]} Nc6 {[%clk 1:25:39]}
7.e5 {[%clk 1:32:45]} Nd7 {[%clk 1:22:54]} 8.Bf4 {[%clk 1:33:05]}
Be7 {[%clk 1:07:32]} 9.h4 {[%clk 1:33:06]} h6 {[%clk 1:07:11]}
10.Qe2 {[%clk 1:27:44]} Nf8 {[%clk 1:05:58]} 11.g4 {[%clk 1:15:13]}
Rg8 {[%clk 1:03:50]} 12.h5 {[%clk 1:10:18]} Nh7 {[%clk 1:01:29]}
13.Nbd2 {[%clk 1:09:33]} Bd7 {[%clk 0:59:55]} 14.Ne4 {[%clk 1:02:11]}
Ng5 {[%clk 0:57:22]} 15.Bxg5 {[%clk 0:45:51]} hxg5 {[%clk 0:57:35]}
16.h6 {[%clk 0:46:15]} gxh6 {[%clk 0:55:56]} 17.Rxh6 {[%clk 0:46:42]}
Qc7 {[%clk 0:45:48]} 18.Nf6+ {[%clk 0:45:07]} Bxf6 {[%clk 0:46:00]}
19.Rxf6 {[%clk 0:45:34]} Rh8 {[%clk 0:35:20]} 20.Kf1 {[%clk 0:29:35]}
Ke7 {[%clk 0:31:48]} 21.Qd2 {[%clk 0:28:02]} Rag8 {[%clk 0:29:17]}
22.Nxg5 {[%clk 0:27:59]} Qxe5 {[%clk 0:16:48]} 23.Rxf7+ {[%clk 0:28:10]}
Ke8 {[%clk 0:17:14]} 24.Nf3 {[%clk 0:28:18]} Qd6 {[%clk 0:16:33]}
25.Qf4 {[%clk 0:25:24]} Qxf4 {[%clk 0:16:52]} 26.Rxf4 {[%clk 0:25:51]}
Ke7 {[%clk 0:14:27]} 27.Re1 {[%clk 0:23:11]} a5 {[%clk 0:12:49]}
28.a3 {[%clk 0:17:51]} a4 {[%clk 0:11:50]} 29.Ne5 {[%clk 0:15:13]}
Nxe5 {[%clk 0:11:27]} 30.Rxe5 {[%clk 0:15:41]} Kd6 {[%clk 0:10:38]}
31.Re1 {[%clk 0:14:31]} b5 {[%clk 0:09:04]} 32.f3 {[%clk 0:03:44]}
bxc4 {[%clk 0:08:40]} 33.dxc4 {[%clk 0:04:13]} Rb8 {[%clk 0:04:40]}
34.Re2 {[%clk 0:04:24]} e5 {[%clk 0:04:28]} 35.Rf6+ {[%clk 0:04:11]}
Be6 {[%clk 0:04:54]} 36.g5 {[%clk 0:03:43]} Rbf8 {[%clk 0:04:25]}
37.Rg6 {[%clk 0:01:25]} Rhg8 {[%clk 0:04:42]} 38.Rh6 {[%clk 0:01:10]}
Rh8 {[%clk 0:04:51]} 39.Rg6 {[%clk 0:01:37]} Rhg8 {[%clk 0:05:18]}
40.Rh6 {[%clk 0:32:01]} Rxg5 {[%clk 0:33:11]} 41.Kf2 {[%clk 0:30:47]}
Rgf5 {[%clk 0:23:26]} 42.Rxe6+ {[%clk 0:22:58]} Kxe6 {[%clk 0:23:41]}
43.Bh3 {[%clk 0:23:25]} Kf6 {[%clk 0:24:56]} 44.Bxf5 {[%clk 0:23:24]}
Kxf5 {[%clk 0:22:54]} 45.Kg3 {[%clk 0:20:38]} Rg8+ {[%clk 0:22:25]}
46.Kf2 {[%clk 0:21:04]} Rh8 {[%clk 0:17:59]} 47.Kg2 {[%clk 0:16:42]}
Rh4 {[%clk 0:17:02]} 48.Re1 {[%clk 0:16:11]} e4 {[%clk 0:13:30]}
49.fxe4+ {[%clk 0:07:43]} Rxe4 {[%clk 0:13:54]} 50.Rh1 {[%clk 0:07:41]}
Kf4 {[%clk 0:06:45]} 51.Rh5 {[%clk 0:03:29]} Ke3 {[%clk 0:05:52]}
52.Rh3+ {[%clk 0:01:20]} Ke2 {[%clk 0:06:02]} 0-1

[Event "Russian Women's Higher League 2021"]
[Site "?"]
[Date "2021.07.02"]
[Round "6.11"]
[White "Nasyrova, Ekaterina"]
[Black "Murashova, Ekaterina"]
[Result "1-0"]
[WhiteElo "2149"]
[BlackElo "2214"]
[Annotator ""]
[Source ""]
[Remark ""]

1.d4 {[%clk 1:30:56]} d5 {[%clk 1:30:54]} 2.Nf3 {[%clk 1:31:17]}
Nf6 {[%clk 1:31:16]} 3.c4 {[%clk 1:31:37]} c6 {[%clk 1:31:42]}
4.Nc3 {[%clk 1:31:50]} dxc4 {[%clk 1:32:01]} 5.a4 {[%clk 1:30:59]}
Bf5 {[%clk 1:32:25]} 6.e3 {[%clk 1:30:21]} e6 {[%clk 1:32:48]}
7.Bxc4 {[%clk 1:30:37]} Bb4 {[%clk 1:33:14]} 8.O-O {[%clk 1:30:07]}
O-O {[%clk 1:31:46]} 9.Bd2 {[%clk 1:25:35]} a5 {[%clk 1:19:57]}
10.Ne2 {[%clk 1:21:43]} Bd6 {[%clk 1:11:38]} 11.Ng3 {[%clk 1:17:20]}
Ne4 {[%clk 1:09:02]} 12.Bc3 {[%clk 1:11:27]} Nd7 {[%clk 1:00:04]}
13.Nxf5 {[%clk 0:44:13]} exf5 {[%clk 1:00:18]} 14.Rc1 {[%clk 0:42:36]}
Nb6 {[%clk 0:54:06]} 15.Bb3 {[%clk 0:42:25]} Bc7 {[%clk 0:48:01]}
16.d5 {[%clk 0:36:42]} Nxd5 {[%clk 0:40:34]} 17.Bxd5 {[%clk 0:36:45]}
cxd5 {[%clk 0:40:44]} 18.Qb3 {[%clk 0:34:46]} Qd7 {[%clk 0:38:50]}
19.Rfd1 {[%clk 0:33:36]} Rfd8 {[%clk 0:35:08]} 20.Bd4 {[%clk 0:31:06]}
Ra6 {[%clk 0:27:18]} 21.g3 {[%clk 0:26:53]} Rb8 {[%clk 0:13:31]}
22.Qb5 {[%clk 0:19:48]} Rc6 {[%clk 0:10:40]} 23.Ba7 {[%clk 0:19:13]}
Nd6 {[%clk 0:06:10]} 24.Qxd5 {[%clk 0:18:11]} Rxc1 {[%clk 0:06:36]}
25.Rxc1 {[%clk 0:18:32]} Ra8 {[%clk 0:05:31]} 26.Bd4 {[%clk 0:17:10]}
Rc8 {[%clk 0:05:03]} 27.Be5 {[%clk 0:15:30]} Rd8 {[%clk 0:04:28]}
28.Qc5 {[%clk 0:13:20]} Bb8 {[%clk 0:03:24]} 29.Qxa5 {[%clk 0:13:29]}
Rc8 {[%clk 0:02:27]} 30.Rxc8+ {[%clk 0:12:49]} Qxc8 {[%clk 0:02:56]}
31.Qa8 {[%clk 0:12:41]} Qf8 {[%clk 0:01:48]} 32.Bxd6 {[%clk 0:11:24]}
Bxd6 {[%clk 0:02:17]} 33.Qxb7 {[%clk 0:11:42]} Qd8 {[%clk 0:01:34]}
34.b4 {[%clk 0:11:13]} g5 {[%clk 0:01:43]} 35.a5 {[%clk 0:10:36]}
Qf6 {[%clk 0:01:14]} 36.a6 {[%clk 0:10:31]} Qa1+ {[%clk 0:01:24]}
37.Kg2 {[%clk 0:10:52]} 1-0

[Event "Russian Women's Higher League 2021"]
[Site "?"]
[Date "2021.07.02"]
[Round "6.12"]
[White "Nur-Mukhametova, Alisa"]
[Black "Belenkaya, Dina"]
[Result "0-1"]
[WhiteElo "2233"]
[BlackElo "2341"]
[Annotator ""]
[Source ""]
[Remark ""]

1.d4 {[%clk 1:30:41]} Nf6 {[%clk 1:30:30]} 2.c4 {[%clk 1:31:03]}
e6 {[%clk 1:30:48]} 3.Nf3 {[%clk 1:31:25]} Bb4+ {[%clk 1:31:01]}
4.Bd2 {[%clk 1:31:40]} Bxd2+ {[%clk 1:30:30]} 5.Qxd2 {[%clk 1:32:02]}
d6 {[%clk 1:29:11]} 6.Nc3 {[%clk 1:29:35]} Nc6 {[%clk 1:27:53]}
7.e4 {[%clk 1:27:53]} O-O {[%clk 1:18:24]} 8.Be2 {[%clk 1:25:15]}
e5 {[%clk 1:16:33]} 9.d5 {[%clk 1:23:53]} Ne7 {[%clk 1:16:22]}
10.O-O {[%clk 1:24:05]} Ng6 {[%clk 1:14:23]} 11.g3 {[%clk 1:22:14]}
a5 {[%clk 1:13:06]} 12.Qc2 {[%clk 1:18:36]} Bh3 {[%clk 1:06:43]}
13.Rfc1 {[%clk 1:12:02]} Nd7 {[%clk 1:05:44]} 14.Bf1 {[%clk 1:11:04]}
Bg4 {[%clk 1:03:50]} 15.Bg2 {[%clk 1:06:01]} Nc5 {[%clk 1:00:06]}
16.Nd2 {[%clk 0:58:42]} Qg5 {[%clk 0:53:51]} 17.b3 {[%clk 0:56:15]}
Bd7 {[%clk 0:39:37]} 18.a3 {[%clk 0:51:22]} f5 {[%clk 0:36:42]}
19.exf5 {[%clk 0:50:48]} Bxf5 {[%clk 0:36:21]} 20.Nde4 {[%clk 0:47:53]}
Nxe4 {[%clk 0:35:15]} 21.Nxe4 {[%clk 0:43:12]} Bxe4 {[%clk 0:35:25]}
22.Qxe4 {[%clk 0:41:17]} b6 {[%clk 0:30:00]} 23.Qe3 {[%clk 0:38:11]}
Qg4 {[%clk 0:29:31]} 24.h3 {[%clk 0:34:26]} Qd7 {[%clk 0:29:22]}
25.Kh2 {[%clk 0:31:29]} Rf6 {[%clk 0:27:19]} 26.h4 {[%clk 0:29:13]}
Qf7 {[%clk 0:26:19]} 27.Ra2 {[%clk 0:27:47]} Rf8 {[%clk 0:22:03]}
28.Rcc2 {[%clk 0:27:35]} Ne7 {[%clk 0:21:53]} 29.Bh3 {[%clk 0:26:16]}
Nf5 {[%clk 0:17:43]} 30.Bxf5 {[%clk 0:26:25]} Rxf5 {[%clk 0:18:12]}
31.b4 {[%clk 0:25:44]} Rf3 {[%clk 0:14:54]} 32.Qe4 {[%clk 0:25:16]}
Qh5 {[%clk 0:07:24]} 33.Kg2 {[%clk 0:22:21]} Rb3 {[%clk 0:07:09]}
34.bxa5 {[%clk 0:21:48]} bxa5 {[%clk 0:07:25]} 35.Ra1 {[%clk 0:15:36]}
Qf3+ {[%clk 0:05:19]} 36.Qxf3 {[%clk 0:15:58]} Rfxf3 {[%clk 0:05:47]}
37.Rac1 {[%clk 0:12:14]} Rfd3 {[%clk 0:05:30]} 38.c5 {[%clk 0:12:16]}
Rb7 {[%clk 0:03:14]} 39.cxd6 {[%clk 0:10:06]} cxd6 {[%clk 0:03:43]}
40.Rc8+ {[%clk 0:37:52]} Kf7 {[%clk 0:34:09]} 41.Rh8 {[%clk 0:35:08]}
h6 {[%clk 0:32:07]} 42.Rcc8 {[%clk 0:33:48]} Rxd5 {[%clk 0:29:17]}
43.Rhf8+ {[%clk 0:31:36]} Ke6 {[%clk 0:29:15]} 44.Rce8+ {[%clk 0:31:57]}
Re7 {[%clk 0:29:19]} 45.Ra8 {[%clk 0:32:17]} Rc5 {[%clk 0:27:31]}
46.Ra6 {[%clk 0:31:36]} Rd7 {[%clk 0:27:39]} 47.Rfa8 {[%clk 0:29:13]}
Rf7 {[%clk 0:25:50]} 48.Re8+ {[%clk 0:27:33]} Kd5 {[%clk 0:24:33]}
49.Rd8 {[%clk 0:27:43]} Rf6 {[%clk 0:24:39]} 50.Kh3 {[%clk 0:26:06]}
e4 {[%clk 0:24:05]} 51.h5 {[%clk 0:24:22]} Ke5 {[%clk 0:23:51]}
52.Rg8 {[%clk 0:23:53]} d5 {[%clk 0:20:51]} 53.Ra7 {[%clk 0:21:26]}
d4 {[%clk 0:17:04]} 54.Rgxg7 {[%clk 0:16:37]} d3 {[%clk 0:16:59]}
55.Rg6 {[%clk 0:08:36]} Rxf2 {[%clk 0:10:28]} 56.Rxh6 {[%clk 0:05:48]}
Rd5 {[%clk 0:09:56]} 57.Re7+ {[%clk 0:05:07]} Kd4 {[%clk 0:10:06]}
58.Rhe6 {[%clk 0:05:25]} d2 {[%clk 0:09:45]} 59.Rxe4+ {[%clk 0:05:33]}
Kc5 {[%clk 0:09:49]} 0-1

[Event "Russian Women's Higher League 2021"]
[Site "?"]
[Date "2021.07.02"]
[Round "6.13"]
[White "Solozhenkina, Elizaveta"]
[Black "Tochilkina, Ekaterina"]
[Result "1-0"]
[WhiteElo "2306"]
[BlackElo "1877"]
[Annotator ""]
[Source ""]
[Remark ""]

1.d4 {[%clk 1:30:57]} Nf6 {[%clk 1:30:55]} 2.c4 {[%clk 1:31:20]}
e6 {[%clk 1:31:18]} 3.Nf3 {[%clk 1:31:39]} b6 {[%clk 1:31:15]}
4.g3 {[%clk 1:31:52]} Bb7 {[%clk 1:31:26]} 5.Bg2 {[%clk 1:31:59]}
Be7 {[%clk 1:31:33]} 6.O-O {[%clk 1:32:18]} O-O {[%clk 1:31:54]}
7.Nc3 {[%clk 1:32:43]} Ne4 {[%clk 1:31:48]} 8.Bd2 {[%clk 1:33:06]}
Bf6 {[%clk 1:31:20]} 9.Rc1 {[%clk 1:31:43]} Nxd2 {[%clk 1:30:22]}
10.Qxd2 {[%clk 1:31:48]} d6 {[%clk 1:29:55]} 11.Rfd1 {[%clk 1:17:37]}
Nd7 {[%clk 1:25:33]} 12.e4 {[%clk 1:16:40]} g6 {[%clk 1:24:18]}
13.Qe2 {[%clk 1:14:27]} Qe7 {[%clk 1:21:47]} 14.e5 {[%clk 1:11:15]}
Bg7 {[%clk 1:21:46]} 15.exd6 {[%clk 1:09:02]} cxd6 {[%clk 1:20:54]}
16.d5 {[%clk 1:08:10]} e5 {[%clk 1:20:42]} 17.Nd4 {[%clk 1:08:11]}
Nb8 {[%clk 1:09:02]} 18.b4 {[%clk 0:54:56]} Qd7 {[%clk 1:00:18]}
19.Ndb5 {[%clk 0:45:42]} a6 {[%clk 0:54:38]} 20.c5 {[%clk 0:33:00]}
bxc5 {[%clk 0:40:51]} 21.Nxd6 {[%clk 0:29:30]} cxb4 {[%clk 0:35:57]}
22.Nce4 {[%clk 0:25:46]} f5 {[%clk 0:31:29]} 23.Nxb7 {[%clk 0:25:16]}
Qxb7 {[%clk 0:30:08]} 24.d6 {[%clk 0:19:40]} Qb6 {[%clk 0:26:56]}
25.Qc4+ {[%clk 0:12:58]} Kh8 {[%clk 0:26:40]} 26.Qc7 {[%clk 0:12:54]}
Nd7 {[%clk 0:22:00]} 27.Ng5 {[%clk 0:11:37]} Ra7 {[%clk 0:18:51]}
28.Qxb6 {[%clk 0:04:12]} Nxb6 {[%clk 0:19:14]} 29.Rc6 {[%clk 0:03:15]}
Nd7 {[%clk 0:16:13]} 30.Rc7 {[%clk 0:03:02]} Rxc7 {[%clk 0:15:29]}
31.dxc7 {[%clk 0:03:30]} Nb6 {[%clk 0:15:20]} 32.Ne6 {[%clk 0:03:34]}
Rg8 {[%clk 0:14:20]} 33.Bb7 {[%clk 0:03:34]} a5 {[%clk 0:14:14]}
34.Rd6 {[%clk 0:03:40]} Nc8 {[%clk 0:12:53]} 35.Bxc8 {[%clk 0:03:57]} 1-0

[Event "Russian Women's Higher League 2021"]
[Site "?"]
[Date "2021.07.02"]
[Round "6.14"]
[White "Nosacheva, Mariya"]
[Black "Mironenko, Galina"]
[Result "1-0"]
[WhiteElo "2226"]
[BlackElo "1952"]
[Annotator ""]
[Source ""]
[Remark ""]

1.e4 {[%clk 1:30:58]} c5 {[%clk 1:30:50]} 2.Nc3 {[%clk 1:31:21]}
Nc6 {[%clk 1:30:56]} 3.g3 {[%clk 1:31:41]} g6 {[%clk 1:30:49]}
4.d3 {[%clk 1:32:01]} Bg7 {[%clk 1:30:45]} 5.Bg2 {[%clk 1:32:23]}
d6 {[%clk 1:30:35]} 6.f4 {[%clk 1:32:46]} Nf6 {[%clk 1:30:07]}
7.Nf3 {[%clk 1:32:39]} O-O {[%clk 1:22:04]} 8.O-O {[%clk 1:32:40]}
Nd4 {[%clk 1:18:16]} 9.h3 {[%clk 1:31:36]} e5 {[%clk 1:13:05]}
10.f5 {[%clk 1:30:52]} Re8 {[%clk 0:54:37]} 11.g4 {[%clk 1:20:36]}
Rb8 {[%clk 0:47:04]} 12.g5 {[%clk 1:07:56]} Nh5 {[%clk 0:46:15]}
13.f6 {[%clk 1:08:10]} Bf8 {[%clk 0:45:58]} 14.Nd5 {[%clk 1:04:51]}
Ne6 {[%clk 0:37:49]} 15.Nh2 {[%clk 0:57:58]} b5 {[%clk 0:34:45]}
16.Ng4 {[%clk 0:56:15]} Bb7 {[%clk 0:32:16]} 17.h4 {[%clk 0:52:24]}
Bxd5 {[%clk 0:29:40]} 18.exd5 {[%clk 0:52:33]} Nef4 {[%clk 0:29:20]}
19.Kh2 {[%clk 0:49:17]} Nxg2 {[%clk 0:23:03]} 20.Kxg2 {[%clk 0:48:37]}
e4 {[%clk 0:22:43]} 21.dxe4 {[%clk 0:36:20]} Rxe4 {[%clk 0:22:49]}
22.Qf3 {[%clk 0:36:35]} Qe8 {[%clk 0:21:23]} 23.Bd2 {[%clk 0:35:44]}
Rd4 {[%clk 0:19:43]} 24.Rad1 {[%clk 0:36:02]} Qd7 {[%clk 0:16:43]}
25.Kh3 {[%clk 0:26:08]} Re8 {[%clk 0:13:42]} 26.c3 {[%clk 0:26:21]}
Rde4 {[%clk 0:11:42]} 27.Rde1 {[%clk 0:26:34]} Nf4+ {[%clk 0:09:40]}
28.Qxf4 {[%clk 0:14:25]} Rxf4 {[%clk 0:09:55]} 29.Bxf4 {[%clk 0:14:50]}
Rxe1 {[%clk 0:07:37]} 30.Rxe1 {[%clk 0:15:16]} h5 {[%clk 0:06:55]}
31.gxh6 {[%clk 0:15:29]} Qf5 {[%clk 0:06:47]} 32.Kg3 {[%clk 0:14:58]}
Qd3+ {[%clk 0:05:30]} 33.Re3 {[%clk 0:14:50]} Qd1 {[%clk 0:02:22]}
34.Nf2 {[%clk 0:13:49]} Qg1+ {[%clk 0:01:05]} 35.Kf3 {[%clk 0:14:13]}
g5 {[%clk 0:00:35]} 36.Bxg5 {[%clk 0:12:38]} Qb1 {[%clk 0:00:41]}
37.Re8 {[%clk 0:11:46]} Qxb2 {[%clk 0:00:33]} 38.Rxf8+ {[%clk 0:10:10]}
Kxf8 {[%clk 0:00:36]} 39.h7 {[%clk 0:10:34]} Qxc3+ {[%clk 0:00:59]}
40.Kg4 {[%clk 0:40:50]} Qd4+ {[%clk 0:30:43]} 41.Kh5 {[%clk 0:41:14]}
Ke8 {[%clk 0:29:54]} 42.h8Q+ {[%clk 0:39:36]} Kd7 {[%clk 0:30:20]}
43.Qa8 {[%clk 0:35:41]} Qxf2 {[%clk 0:27:41]} 44.Qc6+ {[%clk 0:36:00]}
Kd8 {[%clk 0:28:05]} 45.Qxd6+ {[%clk 0:36:23]} Kc8 {[%clk 0:28:30]}
46.Qf8+ {[%clk 0:36:49]} Kc7 {[%clk 0:28:38]} 47.Qxf7+ {[%clk 0:37:12]}
Kb6 {[%clk 0:29:03]} 48.Qe6+ {[%clk 0:37:37]} Ka5 {[%clk 0:29:24]}
49.f7 {[%clk 0:38:00]} c4 {[%clk 0:29:40]} 50.Bd8+ {[%clk 0:37:37]}
Kb4 {[%clk 0:29:58]} 51.Be7+ {[%clk 0:38:00]} Kc3 {[%clk 0:30:07]}
52.f8Q {[%clk 0:38:20]} Qxf8 {[%clk 0:30:24]} 53.Bxf8 {[%clk 0:38:44]}
b4 {[%clk 0:30:51]} 54.Qe3+ {[%clk 0:38:48]} Kb2 {[%clk 0:31:14]}
55.Bxb4 {[%clk 0:39:03]} Kxa2 {[%clk 0:31:27]} 56.d6 {[%clk 0:39:01]} 1-0

[Event "Russian Women's Higher League 2021"]
[Site "?"]
[Date "2021.07.02"]
[Round "6.15"]
[White "Grigorieva, Yulia"]
[Black "Loskutova, Viktoriya"]
[Result "1/2-1/2"]
[WhiteElo "2143"]
[BlackElo "2188"]
[Annotator ""]
[Source ""]
[Remark ""]

1.e4 {[%clk 1:30:57]} c5 {[%clk 1:30:57]} 2.Nf3 {[%clk 1:31:23]}
d6 {[%clk 1:31:24]} 3.Bb5+ {[%clk 1:31:46]} Nd7 {[%clk 1:31:46]}
4.O-O {[%clk 1:32:05]} a6 {[%clk 1:32:10]} 5.Bd3 {[%clk 1:32:29]}
Ngf6 {[%clk 1:31:57]} 6.Re1 {[%clk 1:32:42]} e6 {[%clk 1:32:00]}
7.c3 {[%clk 1:32:55]} Be7 {[%clk 1:30:11]} 8.Bc2 {[%clk 1:31:46]}
b5 {[%clk 1:26:49]} 9.d4 {[%clk 1:31:23]} Bb7 {[%clk 1:27:07]}
10.Nbd2 {[%clk 1:30:56]} Qc7 {[%clk 1:21:32]} 11.e5 {[%clk 1:29:15]}
dxe5 {[%clk 1:12:49]} 12.dxe5 {[%clk 1:29:36]} Nd5 {[%clk 1:13:16]}
13.Ne4 {[%clk 1:29:35]} h6 {[%clk 1:10:17]} 14.Ng3 {[%clk 1:25:40]}
Rd8 {[%clk 0:58:32]} 15.Qe2 {[%clk 1:15:18]} Bc6 {[%clk 0:49:29]}
16.Bd2 {[%clk 1:07:47]} N5b6 {[%clk 0:42:36]} 17.Nh5 {[%clk 0:40:31]}
g6 {[%clk 0:32:45]} 18.Nf6+ {[%clk 0:40:14]} Kf8 {[%clk 0:28:44]}
19.Nxd7+ {[%clk 0:37:31]} Rxd7 {[%clk 0:28:03]} 20.Bf4 {[%clk 0:34:51]}
Qb7 {[%clk 0:21:36]} 21.Red1 {[%clk 0:26:03]} g5 {[%clk 0:14:46]}
22.Rxd7 {[%clk 0:23:09]} Nxd7 {[%clk 0:15:11]} 23.Bg3 {[%clk 0:21:40]}
h5 {[%clk 0:13:58]} 24.h3 {[%clk 0:21:53]} h4 {[%clk 0:11:04]}
25.Bh2 {[%clk 0:22:18]} g4 {[%clk 0:11:12]} 26.hxg4 {[%clk 0:19:00]}
h3 {[%clk 0:11:36]} 27.Nd2 {[%clk 0:10:58]} Bxg2 {[%clk 0:09:42]}
28.Be4 {[%clk 0:09:16]} Bxe4 {[%clk 0:08:07]} 29.Qxe4 {[%clk 0:09:08]}
Qb6 {[%clk 0:07:20]} 30.Nf3 {[%clk 0:09:02]} c4 {[%clk 0:05:56]}
31.Nd4 {[%clk 0:08:58]} Nc5 {[%clk 0:04:56]} 32.Qe3 {[%clk 0:07:06]}
Nd3 {[%clk 0:04:03]} 33.b4 {[%clk 0:04:54]} Bh4 {[%clk 0:02:38]}
34.Rf1 {[%clk 0:05:18]} Qb7 {[%clk 0:01:34]} 35.f3 {[%clk 0:03:38]}
Bd8 {[%clk 0:01:35]} 36.Bg3 {[%clk 0:02:36]} Qd5 {[%clk 0:01:19]}
37.Kh2 {[%clk 0:02:26]} Bc7 {[%clk 0:01:34]} 38.Qe4 {[%clk 0:00:52]}
Qxe4 {[%clk 0:01:02]} 39.fxe4 {[%clk 0:01:21]} Bxe5 {[%clk 0:00:40]}
40.Nxe6+ {[%clk 0:30:46]} Ke7 {[%clk 0:31:03]} 41.Nc7 {[%clk 0:19:31]}
Kd6 {[%clk 0:17:25]} 42.Nxa6 {[%clk 0:16:38]} Bxg3+ {[%clk 0:17:31]}
43.Kxg3 {[%clk 0:17:07]} h2 {[%clk 0:17:55]} 44.Rh1 {[%clk 0:12:30]}
Nc1 {[%clk 0:17:58]} 45.Rxh2 {[%clk 0:05:14]} Rxh2 {[%clk 0:18:24]}
46.Kxh2 {[%clk 0:05:43]} Nxa2 {[%clk 0:18:48]} 47.Kg3 {[%clk 0:04:52]}
Nxc3 {[%clk 0:17:58]} 48.Kf4 {[%clk 0:04:00]} Kc6 {[%clk 0:10:16]}
49.g5 {[%clk 0:04:13]} Na2 {[%clk 0:07:32]} 50.Ke3 {[%clk 0:03:36]}
Kb6 {[%clk 0:04:41]} 51.Nc5 {[%clk 0:03:42]} Nxb4 {[%clk 0:03:40]}
52.Nd7+ {[%clk 0:03:46]} Kc7 {[%clk 0:02:59]} 53.Ne5 {[%clk 0:04:12]}
Nc6 {[%clk 0:01:44]} 54.Nxf7 {[%clk 0:03:59]} b4 {[%clk 0:01:37]}
55.g6 {[%clk 0:02:49]} b3 {[%clk 0:01:48]} 56.Kd2 {[%clk 0:01:07]}
Ne7 {[%clk 0:01:04]} 57.g7 {[%clk 0:01:18]} Ng8 {[%clk 0:01:23]}
58.Kc3 {[%clk 0:00:58]} Kd7 {[%clk 0:01:19]} 59.Ne5+ {[%clk 0:01:09]}
Ke6 {[%clk 0:01:44]} 60.Nxc4 {[%clk 0:01:11]} Kf7 {[%clk 0:02:05]} 1/2-1/2

[Event "Russian Women's Higher League 2021"]
[Site "?"]
[Date "2021.07.02"]
[Round "6.16"]
[White "Mikheeva, Galina"]
[Black "Kovanova, Baira"]
[Result "1/2-1/2"]
[WhiteElo "1838"]
[BlackElo "2318"]
[Annotator ""]
[Source ""]
[Remark ""]

1.e4 d6 2.d4 Nf6 3.Nc3 g6 4.Bc4 Bg7 5.Nf3 c6 6.a4 O-O 7.O-O d5
8.exd5 cxd5 9.Bd3 Nc6 10.h3 Nb4 11.Bf4 h6 12.Re1 Nxd3 13.cxd3
g5 14.Be5 Bf5 15.Rc1 a6 16.Qb3 e6 17.Ne2 g4 18.hxg4 Nxg4 19.Bc7
Qd7 20.Ne5 Nxe5 21.dxe5 Rfc8 22.Bd6 Kh7 23.d4 h5 24.Rc5 Bh6 25.Nc3
Rxc5 26.Bxc5 Rg8 27.Ne2 h4 28.Kh2 Qd8 29.Rg1 Qg5 30.f4 Qg6 31.Qe3
Bd3 32.Nc1 Be4 33.Be7 Qf5 34.Bg5 Rxg5 35.fxg5 Bxg5 36.Qh3 Bf4+
37.g3 Bxg3+ 38.Rxg3 Qf2+ 39.Rg2 Bxg2 40.Qxg2 Qf4+ 41.Kh3 Qxc1
42.Qf3 Kg8 43.Kxh4 Qxb2 44.Qf4 Qg2 45.a5 Qg6 46.Qd2 Kg7 47.Qb4
Qe4+ 48.Kh5 Qf5+ 1/2-1/2

[Event "Russian Women's Higher League 2021"]
[Site "?"]
[Date "2021.07.02"]
[Round "6.17"]
[White "Izbekova, Evdokia"]
[Black "Dimitrova, Aleksandra"]
[Result "0-1"]
[WhiteElo "1757"]
[BlackElo "2204"]
[Annotator ""]
[Source ""]
[Remark ""]

1.e4 {[%clk 1:30:59]} c5 {[%clk 1:30:53]} 2.Nf3 {[%clk 1:31:23]}
Nc6 {[%clk 1:31:11]} 3.d4 {[%clk 1:31:33]} cxd4 {[%clk 1:31:35]}
4.Nxd4 {[%clk 1:31:59]} e6 {[%clk 1:32:00]} 5.g3 {[%clk 1:30:50]}
a6 {[%clk 1:28:53]} 6.Bg2 {[%clk 1:30:14]} Qc7 {[%clk 1:24:04]}
7.Nc3 {[%clk 1:26:36]} Nf6 {[%clk 1:24:05]} 8.Be3 {[%clk 1:22:04]}
Bb4 {[%clk 1:16:32]} 9.O-O {[%clk 1:17:15]} Bxc3 {[%clk 1:10:13]}
10.bxc3 {[%clk 1:17:40]} Ne5 {[%clk 1:03:18]} 11.Qe1 {[%clk 1:10:45]}
d6 {[%clk 0:59:46]} 12.Bg5 {[%clk 1:06:52]} Nfd7 {[%clk 0:58:07]}
13.f4 {[%clk 1:05:40]} Nc4 {[%clk 0:57:35]} 14.g4 {[%clk 1:02:31]}
Qc5 {[%clk 0:47:08]} 15.Kh1 {[%clk 1:00:23]} h6 {[%clk 0:41:19]}
16.Qh4 {[%clk 0:41:57]} Nf8 {[%clk 0:29:33]} 17.f5 {[%clk 0:35:53]}
e5 {[%clk 0:28:09]} 18.Bd8 {[%clk 0:22:49]} f6 {[%clk 0:23:49]}
19.Bxf6 {[%clk 0:18:04]} gxf6 {[%clk 0:17:48]} 20.Qxf6 {[%clk 0:18:10]}
Rh7 {[%clk 0:17:01]} 21.Ne6 {[%clk 0:18:24]} Bxe6 {[%clk 0:17:01]}
22.fxe6 {[%clk 0:18:48]} d5 {[%clk 0:16:53]} 23.exd5 {[%clk 0:17:05]}
Qe7 {[%clk 0:14:05]} 24.Be4 {[%clk 0:16:49]} Rg7 {[%clk 0:12:53]}
25.Qf2 {[%clk 0:09:31]} O-O-O {[%clk 0:08:18]} 26.Rab1 {[%clk 0:07:25]}
Kb8 {[%clk 0:06:59]} 27.Rb4 {[%clk 0:05:42]} Nd6 {[%clk 0:06:34]}
28.Bd3 {[%clk 0:05:15]} a5 {[%clk 0:03:25]} 29.Rb6 {[%clk 0:04:02]}
Rxg4 {[%clk 0:03:03]} 30.Rfb1 {[%clk 0:03:34]} Nxe6 {[%clk 0:01:49]}
31.dxe6 {[%clk 0:02:25]} Qxe6 {[%clk 0:02:14]} 32.c4 {[%clk 0:01:36]}
Rf4 {[%clk 0:00:56]} 33.Qe3 {[%clk 0:01:11]} Rc8 {[%clk 0:00:35]}
34.Ra6 {[%clk 0:00:42]} Rd4 {[%clk 0:00:39]} 35.Rab6 {[%clk 0:00:43]}
Rg8 {[%clk 0:00:35]} 36.h3 {[%clk 0:00:34]} Rh4 {[%clk 0:00:41]}
37.Kh2 {[%clk 0:00:51]} e4 {[%clk 0:00:54]} 38.R1b5 {[%clk 0:00:36]}
Qg6 {[%clk 0:00:35]} 39.Qf2 {[%clk 0:00:40]} exd3 {[%clk 0:00:43]}
40.cxd3 {[%clk 0:30:38]} Rg7 {[%clk 0:30:34]} 41.Ra6 {[%clk 0:23:47]}
Qg2+ {[%clk 0:19:38]} 42.Qxg2 {[%clk 0:24:01]} Rxg2+ {[%clk 0:20:04]}
43.Kxg2 {[%clk 0:24:16]} Nxb5 {[%clk 0:20:31]} 44.Rxa5 {[%clk 0:24:20]}
Nc7 {[%clk 0:20:39]} 45.Rf5 {[%clk 0:22:09]} Kc8 {[%clk 0:17:42]}
46.Rf6 {[%clk 0:20:33]} Rd4 {[%clk 0:15:46]} 47.Rxh6 {[%clk 0:19:43]}
Rxd3 {[%clk 0:16:13]} 48.Rf6 {[%clk 0:19:07]} Rd4 {[%clk 0:14:59]}
49.Kg3 {[%clk 0:19:19]} Rxc4 {[%clk 0:14:13]} 50.h4 {[%clk 0:19:36]}
Nd5 {[%clk 0:14:00]} 51.Rf2 {[%clk 0:18:42]} Kd7 {[%clk 0:13:39]}
52.h5 {[%clk 0:18:43]} Ke6 {[%clk 0:13:11]} 53.Rb2 {[%clk 0:17:55]}
b6 {[%clk 0:09:14]} 54.h6 {[%clk 0:17:03]} Kf7 {[%clk 0:08:26]}
55.Rd2 {[%clk 0:16:22]} Nf6 {[%clk 0:07:44]} 56.Kf3 {[%clk 0:15:38]}
Rc3+ {[%clk 0:05:19]} 57.Kf4 {[%clk 0:14:21]} Rh3 {[%clk 0:05:34]}
58.Ke5 {[%clk 0:11:46]} Rxh6 {[%clk 0:05:30]} 59.Rc2 {[%clk 0:11:17]}
Ke7 {[%clk 0:05:21]} 60.Rc7+ {[%clk 0:11:10]} Nd7+ {[%clk 0:05:24]}
61.Kd5 {[%clk 0:11:13]} Rh5+ {[%clk 0:04:29]} 62.Kc6 {[%clk 0:11:00]}
Rc5+ {[%clk 0:04:46]} 63.Kb7 {[%clk 0:11:26]} Kd6 {[%clk 0:05:03]}
64.Rxc5 {[%clk 0:11:03]} bxc5 {[%clk 0:05:13]} 65.a4 {[%clk 0:11:03]}
c4 {[%clk 0:05:39]} 66.a5 {[%clk 0:11:21]} c3 {[%clk 0:05:56]} 0-1

[Event "Russian Women's Higher League 2021"]
[Site "?"]
[Date "2021.07.02"]
[Round "6.18"]
[White "Yakimova, Mariya"]
[Black "Faizutdinova, Diana"]
[Result "0-1"]
[WhiteElo "2200"]
[BlackElo "2027"]
[Annotator ""]
[Source ""]
[Remark ""]

1.d4 d5 2.Nf3 Nf6 3.c4 c6 4.e3 a6 5.c5 g6 6.Nc3 Bg7 7.Bd3 Nbd7
8.O-O O-O 9.b4 a5 10.Ba3 axb4 11.Bxb4 e5 12.Bc2 e4 13.Nd2 Nh5
14.a4 f5 15.f4 Qh4 16.Nb3 g5 17.Ne2 gxf4 18.Nxf4 Nxf4 19.Rxf4
Qg5 20.a5 Nf6 21.Bd2 Bh6 22.a6 Kh8 23.axb7 Rxa1 24.Qxa1 Bxb7
25.Na5 Rg8 26.g3 Bc8 27.Nxc6 Nh5 28.Ne5 Be6 29.Qe1 Nxf4 30.exf4
Qe7 31.Qb1 Ra8 32.Kg2 Bg7 33.Qb3 Qa7 34.Nc6 Qa6 35.Ne5 Qe2+ 36.Kh3
Qf1+ 37.Kh4 Bf6+ 0-1